English for the 21 Century Level2 Workbook. (Record no. 999)

MARC details
000 -LEADER
fixed length control field 00358nam a22001217a 4500
005 - DATE AND TIME OF LATEST TRANSACTION
control field 20200820151200.0
008 - FIXED-LENGTH DATA ELEMENTS--GENERAL INFORMATION
fixed length control field 200820b ||||| |||| 00| 0 eng d
020 ## - INTERNATIONAL STANDARD BOOK NUMBER
International Standard Book Number 9781782602477
040 ## - CATALOGING SOURCE
Transcribing agency CML
245 ## - TITLE STATEMENT
Title English for the 21 Century Level2 Workbook.
Statement of responsibility, etc. Etherton, S.
260 ## - PUBLICATION, DISTRIBUTION, ETC.
Place of publication, distribution, etc. UK
Name of publisher, distributor, etc. Garnet
Date of publication, distribution, etc. 2016
942 ## - ADDED ENTRY ELEMENTS (KOHA)
Source of classification or shelving scheme Dewey Decimal Classification
Koha item type Books
Edition 1st Edition
Classification part 411
Call number suffix ETH
Holdings
Withdrawn status Lost status Source of classification or shelving scheme Damaged status Not for loan Collection code Home library Current library Shelving location Date acquired Total Checkouts Full call number Barcode Date last seen Copy number Price effective from Koha item type
    Dewey Decimal Classification     Language Chalimbana Main Library Chalimbana Main Library Language 08/20/2020   411 ETH 9781782602477 08/20/2020 1 08/20/2020 Books

Powered by Koha